000 00531nam a2200181Ia 4500
999 _c32575
_d32575
003 OSt
005 20200909132529.0
008 190216s9999||||xx |||||||||||||| ||und||
020 _a9780486478517
040 _coclc
082 _a512.55
_bGAA/L
100 _aGaal, Steven A
_94530
245 0 _aLinear Analysis And Representation Theory /
_cSteven A Gaal
260 _bDover Publications,
_c2010.
_aNew York:
300 _a688p
650 _aMathematics
942 _cBK
_2ddc
_h512.55
_iGAA/L
_k512.55
_mGAA/L